| 000 | 00334nam a22001457a 4500 | ||
|---|---|---|---|
| 020 | _qPB. | ||
| 040 | _cFIZZA ISHAQ | ||
| 082 |
_a629.8 _bKAT |
||
| 100 | _aOGATA,KATSUHIKO. | ||
| 245 |
_aMODERN CONTROL ENGINEERING / _cKATSUHIKO OGATA. |
||
| 250 | _a5th ED. | ||
| 260 |
_aPEARSON ; _c2020. |
||
| 300 | _a904 P. ; | ||
| 942 |
_2ddc _cBK |
||
| 999 |
_c589723 _d589723 |
||